MARC

Tag First Indicator Second Indicator Subfields
LEADER 00000cam a22000004a 4500
001 in00003403213
005 20190405203037.0
006 m o d
007 cr |||||||nn|n
008 010830s2001 quc o d fre d
010 |z  2002405183 
020 |a 9782760521551 
020 |z 2760511219 
020 |z 9782760511217 
035 |a (MdBmJHUP)muse9782760521551 
040 |a MdBmJHUP  |c MdBmJHUP  |d UtOrBLW 
043 |a n-cn-qu  |a n-cn--- 
050 0 0 |a JF1525.M37  |b B47 2001 
100 1 |a Bernier, Robert,  |d 1951 January 3- 
245 1 3 |a Un siecle de propagande? :  |b information, communication, marketing gouvernemental /  |c Robert Bernier ; preface de Gary Evans. 
264 1 |a Sainte-Foy, Quebec, Canada :  |b Presses de l'Universite du Quebec,  |c 2001. 
300 |a 1 online resource (xix, 301 pages :) :  |b illustrations 
336 |a text  |b txt  |2 rdacontent 
337 |a computer  |b c  |2 rdamedia 
338 |a online resource  |b cr  |2 rdacarrier 
504 |a Includes bibliographical references (pages [275]-295) and index. 
588 |a Description based on print version record. 
500 |a Electronic resource. 
650 0 |a Propaganda  |z Canada  |x History  |y 20th century. 
650 0 |a Propaganda  |z Québec (Province)  |x History  |y 20th century. 
650 0 |a Communication in politics  |z Canada  |x History  |y 20th century. 
650 0 |a Communication in politics  |z Québec (Province)  |x History  |y 20th century. 
650 0 |a Government marketing  |z Canada  |x History  |y 20th century. 
650 0 |a Government marketing  |z Québec (Province)  |x History  |y 20th century. 
655 7 |a Electronic books.  |2 local 
856 4 0 |u http://proxy.library.tamu.edu/login?url=http://muse.jhu.edu/books/9782760521551/  |z Connect to the full text of this electronic book  |t 0 
999 |a MARS 
999 f f |s 8c94b78d-30d9-3960-bc9d-f7262e94fe5f  |i 83c35628-befb-3f45-a10b-22522d2758f8  |t 0 
952 f f |a Texas A&M University  |b College Station  |c Electronic Resources  |d Available Online  |t 0  |e JF1525.M37 B47 2001  |h Library of Congress classification 
998 f f |a JF1525.M37 B47 2001  |t 0  |l Available Online